Central Library OPAC University of Rajshahi

The Buddhism of Tibet, or, Lamaism : (Record no. 31994)

MARC details
000 -LEADER
fixed length control field 00993cam a2200265 a 4500
001 - CONTROL NUMBER
control field 31994
003 - CONTROL NUMBER IDENTIFIER
rucl marc code BD-RjUL
005 - DATE AND TIME OF LATEST TRANSACTION
control field 20211209051757.0
008 - FIXED-LENGTH DATA ELEMENTS--GENERAL INFORMATION
fixed length control field 140423r19671934enkaf b 001 0 eng d
035 ## - SYSTEM CONTROL NUMBER
System control number (BD-RjUL)32083
040 ## - CATALOGING SOURCE
Original cataloging agency WLB
Language of cataloging eng
Transcribing agency WLB
Modifying agency BD-RjUL
041 ## - LANGUAGE CODE
Language code of text/sound track or separate title eng
082 04 - DEWEY DECIMAL CLASSIFICATION NUMBER
Classification number 294.3923
Edition number 19
Author mark and year WAB 1967
100 1# - MAIN ENTRY--PERSONAL NAME
Personal name Waddell, L. A.
Fuller form of name (Laurence Austine),
Dates associated with a name 1854-1938.
9 (RLIN) 97398
245 14 - TITLE STATEMENT
Title The Buddhism of Tibet, or, Lamaism :
Remainder of title with its mystic cults, symbolism and mythology, and its relation to Indian Buddhism /
Statement of responsibility, etc. by L. Austine Waddell.
250 ## - EDITION STATEMENT
Edition statement 2nd ed.
260 ## - PUBLICATION, DISTRIBUTION, ETC. (IMPRINT)
Place of publication, distribution, etc. Cambridge [Cambridgeshire] :
Name of publisher, distributor, etc. W. Heffer,
Date of publication, distribution, etc. 1934 [Reprinted 1967].
300 ## - PHYSICAL DESCRIPTION
Pagination xlviii, 598 p., [7] folded leaves of plates :
Illustrations ill. ;
Size 23 cm.
504 ## - BIBLIOGRAPHY, ETC. NOTE
Bibliography, etc Bibliography: p. 578-583.
Bibliography, etc Includes index.
650 #0 - SUBJECT ADDED ENTRY--TOPICAL TERM
Topical term or geographic name as entry element Buddhism
Geographic subdivision China
-- Tibet Autonomous Region.
9 (RLIN) 97399
Topical term or geographic name as entry element Dge-lugs-pa (Sect)
9 (RLIN) 97400
651 #0 - SUBJECT ADDED ENTRY--GEOGRAPHIC NAME
Geographic name Tibet Autonomous Region (China)
General subdivision Religion.
9 (RLIN) 97401
942 ## - ADDED ENTRY ELEMENTS (KOHA)
Source of classification or shelving scheme Dewey Decimal Classification
Koha item type Books
Holdings
Lost status Source of classification or shelving scheme Damaged status Not for loan Collection code Permanent Location Current Location Shelving location Date acquired Total Checkouts Full call number Date last seen Copy number Koha item type
  Dewey Decimal Classification   Not For Loan Non-fiction Central Library, University of Rajshahi Central Library, University of Rajshahi Reading Room 16/07/1971   294.3923 WAB 1967 23/04/2014 C-1 Books